Biblioteca

El culto al sol (Registro nro. 51798)

Detalles MARC
000 -LÍDER
Campo fijo de descripción fija 01092aab a2200205 i 4500
001 - NÚMERO DE CONTROL
Campo de control 768714001
003 - IDENTIFICADOR DEL NÚMERO DE CONTROL
Campo de control CO-MdFUSB
005 - FECHA Y HORA DE LA ULTIMA TRANSACCIÓN
control field 20250730123410.0
008 - ELEMENTOS DE LONGITUD FIJA -- INFORMACIÓN GENERAL
Campo fijo de descripción fija -- Información general 250730t1989 ag ||||| |||| 00| 0 spa d
040 ## - FUENTE DE CATALOGACIÓN
Idioma de catalogación spa
Agencia que realiza la transcripción CO-MdFUSB
100 1# - ASIENTO PRINCIPAL--NOMBRE PERSONAL
Nombre personal Deiros, Pablo A. (Alberto) (1945-)
Término relacionador autor
245 13 - TÍTULO
Título El culto al sol
Mención de responsabilidad / Pablo A. Deiros
300 ## - DESCRIPCIÓN FÍSICA
Extensión Volumen 8, número 1 (marzo, 1989), Páginas 36 - 38
Dimensiones ; 27 cm
520 ## - NOTA DE RESUMEN, ETC.
Nota de sumario, etc. Los incas daban gran importancia al culto al Sol, pero permitían que los pueblos conquistados conservaran sus dioses, aunque como divinidades menores. Utilizaron la religión para integrar y controlar, llevando ídolos y nobles al Cuzco como rehenes. Sin embargo, imponían el culto al Sol y el quechua en las regiones conquistadas, construyendo templos y enviando maestros y sacerdotes, logrando así una amplia difusión de su lengua y religión.
653 ## - TÉRMINO DE INDIZACIÓN - NO CONTROLADO
Término no controlado Política y religión
653 ## - TÉRMINO DE INDIZACIÓN - NO CONTROLADO
Término no controlado Imperio Inca
773 0# - ASIENTO DE ITEM FUENTE
Título Iglesia y Misión
Biblionumber 49402
Itemnumber 59672
Parte(s) relacionada(s) / Volumen., número. (mes año), páginas Volumen 8, número 1 (marzo, 1989), páginas 36 - 38
Enumeración y primera página páginas 36
942 ## - TIPO DE MATERIAL (KOHA)
Tipo de Item KOHA Artículos de Revista
945 ## - INFORMACIÓN LOCAL DEL REGISTRO
Catalogador JTF-925

No hay ítems disponibles.

Biblioteca FUSBC | Teléfono: (57+4) 349 88 10 Ext. 141| WhatsApp (+57) 3005338115 
E-mail: biblioteca@unisbc.edu.co | Calle 76 87-14 Robledo Palenque, Medellín, Colombia

Con tecnología Koha